00665nam a2200229 a 4500001001300000003000900013005001700022008004100039020002300080082001700103100001700120245002600137260003200163300001000195500003500205650002600240700001700266902000800283942000700291952012000298999001700418nice12345678IN_TiNIC20260116014945.0050524s2005 dela grp 000 0 eng  a9780670058365c69500a920.086bSET aSeth, Vikram aVikram Seth Two Lives aDelhibPenguin Books c2005 a503p  aincludes index and biblioraphy aBiography-Vikram Seth1 aSeth, Vikram bSRS cBK 001040708StackRoom-aHMIbHMId2013-05-24g695.00l0o920.086 SETp11002400r2013-05-24v695.00w2005-05-24yBK c17716d17716